000 02981cam a2200493 i 4500
003 PE-LiUPU
005 20250731172844.0
008 140718s2015 miu b 001 0 eng
020 _a080286385X
_q(pbk. ;
_qalk. paper)
020 _a9780802863850
_q(pbk. ;
_qalk. paper)
035 _a(Sirsi) i9780802863850
040 _aPE-LiUPU
_bspa
_cPE-LiUPU
_erda
049 _aPRUA
082 0 0 _a222.35
_bM12
_220
100 1 _aMcKeown, James,
_eautor.
245 1 0 _aRuth /
_cJames McKeown.
264 1 _aGrand Rapids, Michigan :
_bWilliam B. Eerdmans Publishing Company,
_c2015.
300 _ax, 152 páginas ;
_c24 centímetros.
336 _atext
_2rdacontent
337 _aunmediated
_2rdamedia
338 _avolume
_2rdacarrier
490 1 _aThe Two Horizons Old Testament Commentary
504 _aBibliografía : páginas 141-146.
504 _aÍndices : páginas 147-152.
505 0 _aIntroduction. Authorship, date, and purpose ; Genre ; Story line and synopsis ; Outline -- Commentary ; 1:1-5 : from Bethlehem to Moab ; 1:6-7 : Naomi prepares to return to Bethlehem ; 1:8-13 : an emotional farewell as Naomi leaves Moab ; 1:14-18 : the difficult decision facing Ruth and Orpah ; 1:19-22 : Ruth and Naomi arrive in Bethlehem ; 2:1-3 : introduction to Boaz and Ruth's initiative ; 2:4-7 : Boaz arrives at the harvest field ; 2:8-13 : the first conversation between Boaz and Ruth ; 2:14-17 : Boaz's generosity ; 2:18-23 : Ruth's return to Naomi ; 3:1-5 : Naomi's plan ; 3:6-9 : the visit at midnight ; 3:10-15 : Boaz's response to Ruth's plea ; 3:16-18 : Ruth returns to Naomi ; 4:1-4 : the meeting of two redeemers ; 4:5-6 : Boaz speaks about Ruth ; 4:7-8 : The symbolism of a sandal ; 4:9-12 : the redemption is confirmed and witnessed ; 4:13-17 : Boaz marries Ruth, and Obed is born ; 4:18-22 : genealogical data -- Theological horizons. Introductory comments ; Canonical context ; Ruth and Genesis ; Ruth and Deuteronomy ; Ruth and Judges ; Ruth and the books of Samuel ; The marriage of Ruth ; Character studies -- Theological issues, themes, and approaches. Creation, providence, and guidance ; The hiddenness of God ; The theme of land ; The land of Moab ; Redemption ; Universalism ; Feminist studies ; Missiological significance ; Conclusion.
526 _aSEG42
526 _aSEG41
526 _aSEG40
526 _aSEG39
526 _aP94
526 _aP87
526 _aP86
526 _aP85
526 _aP77
526 _aP76
526 _aP35
910 _jck
_bhop
_chop
_d20160526
942 _2ddc
_cBOOK
949 _a222.35 M12
_wDEWEY
_c1
_i73207
_lCCODEBUL1
_mBUL
_p22.00
_r0
_sY
_tBOOK
_u2016-5-26
_xTEOLOGIA
_PP85
_0COMPRA
_o.STAFF. Posgrado
994 _aC0
_bPEPRU
596 _a1
999 _a222.35 M12
_wDEWEY
_c9613
_i73207
_f2021-11-9
_g5
_lCCODEBUL1
_mBUL
_p22.00
_r0
_sY
_tBOOK
_u2016-5-26
_xTEOLOGIA
_PP85
_0COMPRA
_o.STAFF. Posgrado
_d9613
980 _81
_gALBERTO SANCHEZ Responsable de Automatización